00000000nas##2200000za#4500
0019.509547
003CaOODSP
00520210615082524
007ta
008150406c1999||||xxc|| m #||||f|   |0fre|d
022 |a1188-4495
040 |aCaOODSP|bfre
041 |aeng
041 |afre
043 |an-cn---
0861 |aNH18-22
1102 |aSociété canadienne d'hypothèques et de logement.
24513|aLe point en recherche; série technique
260 |aOttawa - Ontario : |bSociété canadienne d'hypothèques et de logement
563 |aDépliant
791 |tResearch Highlights; technical series |eeng|w(CaOODSP)9.509546